000 00788nam a22001817a 4500
005 20120521170737.0
020 _a9789381467183
_c190.00
082 _a821
100 _aइब्बार रब्बी
_947619
245 _aकवि ने कहा/
_cइब्बार रब्बी
260 _aनयी दिल्ली
_bकिताबघर प्रकाशन
_c2012
270 _a4855-56/24, अंसारी रोड, दरियागंज,
_e110002
300 _a128 पृ.
_c22 सें.मी. (सजिल्द)
490 _aकवि ने कहा सीरीज
_947620
942 _2ddc
_cHN
_mइब्बार
999 _c66988
_d66988